[Event "Mem Spyros Bikos 1st"]
[Site "Ilioupolis"]
[Date "2014.09.14"]
[Round "2"]
[White "Parnassas, Panagiotis"]
[Black "Gerontis, Nikolaos"]
[Result "0-1"]
[WhiteElo "1005"]
[BlackElo "1428"]
[PlyCount "24"]
[EventDate "2014.09.13"]
[EventType "swiss"]
[EventRounds "6"]
[EventCountry "GRE"]
[SourceTitle "EXT 2024"]
[Source "ChessBase"]
[SourceDate "2023.10.10"]
[SourceVersion "1"]
[SourceVersionDate "2023.10.10"]
[SourceQuality "1"]

1. e4 c5 2. Nc3 e6 3. Nf3 a6 4. Bc4 b5 5. Be2 Bb7 6. d3 Qc7 7. 0-0 Nf6 8. Be3 Nc6 9. Bg5 Ng4 10. h3 h5 11. hxg4 hxg4 12. Nh2 Qxh2# 0-1